000 01564nam a2200337 c 4500
003 BLK
005 20230812005116.0
008 180409b bul|||||r ||||||| ||bul||
010 _aKNG00140794000
040 _aBLK
041 _aBUL
_cBUL
080 _aФилософски мистицизъм. Ранни езотерични школи. Кабала. Теософия. Антропософия. Суфизъм. Еклектизъм. Синкретизъм. Херметизъм. Розенкройцерство. Др. школи
_b141.33
_x
_z141.33
100 _aЩайнер, Рудолф Йозеф Лоренц
_d1861-1925
_9244192
700 1 _aАнтонов, Юлиан
_eпрев. от нем.
_9378690
139 _aЩайнер, Рудолф Йозеф Лоренц
_bЩ 17
245 1 0 _aТеософия
_cРудолф Йозеф Лоренц Щайнер; прев. от нем. Юлиан Антонов.
257 _aAUT
260 София ; Плевен
_bЕвразия-Абагар
_c1991
300 _a148 с.
_c20 см
380 _a1
490 1 _aБиблиотека Златно цвете
_v4
500 _aОриг. загл. Theosofie / Rudolf Steiner. - 1 000 тир.
650 4 _aАнтропософия
_9147262
653 _aтеософия
852 _aЦб 166886
856 4 _qpdf
_u
856 4 _qpdf
_u
942 _cKNG
_n0
_02
944 _aCR
_c14.03.2013
_lCRON CRON
_k
944 _aED
_c27.06.2014
_l14.03.2013 - от С1,Р / 14.03.2013
_k
999 _c134874
_d134874